000 00546nam a2200205 i 4500
001 bgj
100 1 _aBRÄUER, Rolf.
245 1 0 _aWörterbuch lexikologischer Termini /
_cRolf Bräuer, Gerhard Bartels.
260 _aGreifswald :
_bErnst-Moritz-Arndt-Universität,
_c1979.
300 _a102 s. ;
_c21 cm.
650 9 _aJęzyk niemiecki
655 _aSłowniki
700 1 _aBARTELS, Gerhard.
040 _cBPK
041 0 _ager
044 _aDEU
080 _a811.112.2(03)
942 _cKS
008 s gw f |000 0 ger
999 _c49475
_d49475
856 _uhttp://koha.tu.koszalin.pl/cgi-bin/koha/opac-detail.pl?biblionumber=49475
_yKatalog online BPK